00443nam a2200121Ia 4500008004100000245018000041260001800221260000900239300000800248500001400256650001300270856003800283170516s9999 xx 000 0 und d aNovel Solid Self-Nanoemulsifying Drug Delivery System (S-SNEDDS) for Oral Delivery of Olmesartan Medoxomil: Design, Formulation, Pharmacokinetic and Bioavailability Evaluation bPharmaceutics c2016 a8:3 aSeptember xPharmacy uhttp://www.mdpi.com/1999-4923/8/3